Guía de Monitoreo y acompañamiento en las diferentes instancias de desarrolo del proyecto (Record no. 8056)

MARC details
000 -LEADER
campo de control de longitud fija 00436nam a2200133Ia 4500
001 - NÚMERO DE CONTROL
campo de control 3048
008 - DATOS DE LONGITUD FIJA--INFORMACIÓN GENERAL
campo de control de longitud fija 241024s9999 xx 000 0 und d
082 ## - NÚMERO DE LA CLASIFICACIÓN DECIMAL DEWEY
Número de clasificación RD/618.07/R426g/1
100 ## - ENTRADA PRINCIPAL--NOMBRE DE PERSONA
Nombre de persona República Dominicana.Ministerio de Educación. MINERD
245 #0 - MENCIÓN DEL TÍTULO
Título Guía de Monitoreo y acompañamiento en las diferentes instancias de desarrolo del proyecto
260 ## - PUBLICACIÓN, DISTRIBUCIÓN, ETC.
Nombre del editor, distribuidor, etc. [*SIN EDITORIAL*]
Fecha de publicación, distribución, etc. 2013
901 ## - ELEMENTOS DE DATOS A LOCAL LDA (RLIN)
a 23/7/2013 9:13:36 a.m.

No items available.

© 2024. Todos los Derechos Reservados. Desarrollado por IDEICE